000
00281nam a2200121 a 4500
008
120423s2012|||| d
100
1
_a
Kalinová, Agneša
245
1
0
_a
Mojich 7 životov
260
_b
Aspekt
_a
Bratislava
_c
2012
020
_c
Dar
041
_a
slo
044
_a
xo
_c
SK
999
_c
20183
_d
20183